Animal Species #2 - Statistics

General Stats
  • This quiz has been taken 62 times
  • The average score is 14 of 21
Answer Stats
Picture Answer % Correct
{Gold}fish
98%
{Capybara}
96%
{Cheetah}
94%
{Killer} Whale
94%
{Bald} Eagle
92%
{Komodo} Dragon
92%
{Wild} Boar
92%
{King} Cobra
90%
{Mountain} Goat
79%
{Tasmanian} Devil
79%
{Beagle}
75%
{Canada} Goose
71%
{White}-{Tailed} Deer
63%
Toco {Toucan}
56%
{Mandrill}
52%
{Fire} Salamander
44%
{Persian} Cat
35%
{Springbok}
35%
{Seven}-{Spot} Ladybird
13%
{Akhal}-{Teke}
4%
{Red} {Lion}fish
4%
No matching quizzes found
Score Distribution
Percent of People with Each Score
Percentile by Number Answered
Your Score History
You have not taken this quiz